000 00838nam a22002177a 4500
003 OSt
005 20160503085024.0
008 160430b xxu||||| |||| 00| 0 eng d
020 _a978-971-542-566-7
040 _cLIC
082 _22008
_aDFil 899.2113009351
_bAl6s
100 _97031
_aAlmario, Virgilio S.
245 _aSi Rizal:
_bnobelista: (pagbasa sa Noli at Fili bilang nobela)/
_cVirgilio S. Almario.
260 _aQuezon City:
_bThe University of the Philippines Press,
_cc2008.
300 _aix, 266 pages;
_c23 cm.
365 _b350.00
_cPhp
650 0 _97040
_aRizal, Jose Alonzo, 1861-1896
_xCriticism and interpretation
650 0 _97043
_aRizal, Jose Alonzo, 1861-1896. Noli Me Tangere
_xHistory and criticism
650 0 _97042
_aRizal, Jose Alonzo, 1861-1896. El Filibusterismo
_xHistory and criticism
942 _2ddc
_cDFIL
999 _c2162
_d2162